[Event "Superettan(Rockaden,Umea-Orebro)"]
[Site "?"]
[Date "2010.10.24"]
[Round "1"]
[White "Eriksson, Jorgen"]
[Black "Lind, Jan-Olov"]
[Result "1-0"]
[WhiteElo "2267"]
[BlackElo "2232"]
[PlyCount "133"]

1. d4 c5 2. d5 e5 3. c4 d6 4. e4 Nf6 5. Nc3 g6 6. h3 Bg7 7. g4 h5 8. g5 Nh7 9.
Nf3 Bf8 10. Be3 Be7 11. Rg1 a6 12. Qd2 Kf8 13. O-O-O Nd7 14. Nh4 b5 15. cxb5
axb5 16. Bxb5 Ba6 17. Bxa6 Rxa6 18. Nf3 Kg7 19. Qd3 Rb6 20. h4 Qb8 21. Rd2 Qb7
22. Rc2 Rb8 23. Nd1 Ra8 24. a3 Rb3 25. Rc3 Rb5 26. Nd2 Ra4 27. Rc2 Ra8 28. Nc3
Rba5 29. Nc4 R5a6 30. f4 exf4 31. Bxf4 Qb8 32. Qg3 Kg8 33. Rf1 Nhf8 34. e5 dxe5
35. Nxe5 Nxe5 36. Bxe5 Bd6 37. Bxd6 Rxd6 38. Ne4 Qb5 39. Qf3 Rd7 40. Nf6+ Kg7
41. Nxd7 Qxd7 42. Rxc5 Ra4 43. Qc3+ Kg8 44. Rc7 Qxd5 45. Rfxf7 Rd4 46. Rxf8+
Kxf8 47. Kb1 Ke8 48. Qc6+ Qxc6 49. Rxc6 Kf7 50. b4 Rxh4 51. b5 Ra4 52. Kb2 Ra5
53. Rc5 h4 54. Kb3 h3 55. Kb4 Ra8 56. Rc7+ Ke6 57. Rh7 Kf5 58. Rxh3 Kxg5 59. a4
Kf4 60. b6 g5 61. Kb5 g4 62. Rh1 g3 63. a5 g2 64. Rg1 Rg8 65. b7 Ke4 66. a6 Kd5
67. a7 1-0

[Event "Superettan(Rockaden,Umea-Orebro)"]
[Site "?"]
[Date "2010.10.24"]
[Round "1"]
[White "Jonsson, Krister"]
[Black "Lindgren, Fredrik"]
[Result "1-0"]
[WhiteElo "2060"]
[BlackElo "2246"]
[PlyCount "68"]

1. d4 Nf6 2. c4 e6 3. Nf3 b6 4. Nc3 Bb7 5. Bg5 h6 6. Bh4 Be7 7. Qc2 d5 8. e3
Nbd7 9. cxd5 exd5 10. Bd3 O-O 11. O-O c5 12. Bf5 Re8 13. Rfd1 c4 14. Ne5 a6 15.
a4 Qc7 16. f4 Bb4 17. Rf1 Bxc3 18. bxc3 Nxe5 19. fxe5 Ne4 20. Rab1 g6 21. Bxe4
dxe4 22. Rf6 Re6 23. Rxe6 fxe6 24. Bf6 Bd5 25. Qb2 Rb8 26. Qb4 b5 27. Be7 Rb7
28. Bd6 Qc6 29. Qa5 bxa4 30. Qd8+ Kh7 31. Rf1 Qd7 32. Qf8 Qg7 33. Qd8 Qd7 34.
Qh4 a3 1-0

[Event "Superettan(Rockaden,Umea-Orebro)"]
[Site "?"]
[Date "2010.10.24"]
[Round "1"]
[White "Isaksson, Henrik"]
[Black "Larsson, Patrik"]
[Result "1/2-1/2"]
[WhiteElo "2132"]
[BlackElo "2046"]
[PlyCount "86"]

1. Nf3 Nc6 2. d4 d5 3. g3 Bf5 4. Bg2 Nb4 5. Na3 e6 6. O-O Nf6 7. Ne5 c6 8. Bf4
Be7 9. h3 O-O 10. c3 Na6 11. Qb3 Qb6 12. Bg5 Qxb3 13. axb3 Nb8 14. g4 Bg6 15.
b4 Re8 16. Rfe1 Nxg4 17. Bxe7 Nxe5 18. Bd6 Ned7 19. f3 Nf6 20. e4 Nbd7 21. Bh2
Nb6 22. b3 Rec8 23. Nc2 Nbd7 24. Re2 h6 25. Ne1 b6 26. Nd3 c5 27. bxc5 bxc5 28.
Nf4 Bh7 29. exd5 exd5 30. Rea2 cxd4 31. cxd4 g5 32. Ne2 Bd3 33. Ng3 a6 34. Bf1
Rc3 35. Bxd3 Rxd3 36. Nf5 Kh7 37. Kg2 Rxb3 38. Rxa6 Rb2+ 39. Kg1 Rxa6 40. Rxa6
Rb1+ 41. Kg2 Rb2+ 42. Kg1 Rb1+ 43. Kg2 Rb2+ 1/2-1/2

[Event "Superettan(Rodeby-Burgsvik)"]
[Site "?"]
[Date "2010.10.24"]
[Round "1"]
[White "Fries Nielsen, Jens Ove"]
[Black "Ostling, Hakan"]
[Result "1-0"]
[WhiteElo "2393"]
[BlackElo "2273"]
[PlyCount "45"]

1. d4 g6 2. e4 Bg7 3. Nc3 c6 4. Be3 d5 5. Qd2 Na6 6. Bxa6 bxa6 7. Nge2 Nf6 8.
e5 Ng4 9. Bf4 h5 10. Na4 f6 11. exf6 exf6 12. h3 Nh6 13. Qc3 Bd7 14. Nc5 O-O
15. O-O-O Nf7 16. Nxa6 Qc8 17. Nc5 Re8 18. Rhe1 Bf8 19. Kb1 Nd6 20. Qg3 Nf5 21.
Qxg6+ Ng7 22. Ng3 h4 23. Nh5 1-0

[Event "Superettan(Rodeby-Burgsvik)"]
[Site "?"]
[Date "2010.10.24"]
[Round "1"]
[White "Svensson, Bo Anders"]
[Black "Fries Nielsen, Niels J"]
[Result "0-1"]
[WhiteElo "2339"]
[BlackElo "2403"]
[PlyCount "76"]

1. c4 Nf6 2. g3 g6 3. Bg2 Bg7 4. Nc3 O-O 5. d3 c6 6. e4 Na6 7. Nge2 d6 8. O-O
e5 9. h3 Nc7 10. f4 exf4 11. gxf4 d5 12. cxd5 cxd5 13. Be3 Nh5 14. exd5 Re8 15.
Bf2 Bf5 16. Nd4 Nxf4 17. Nxf5 gxf5 18. Qf3 Qg5 19. d6 Nce6 20. Be3 Qxg2+ 21.
Qxg2 Nxg2 22. Kxg2 Rad8 23. Bxa7 Rxd6 24. Rad1 f4 25. a4 Ra8 26. Bf2 Bxc3 27.
bxc3 Rxa4 28. d4 Rd5 29. Ra1 Rc4 30. Be1 b5 31. Rb1 b4 32. cxb4 Rb5 33. d5 Rxd5
34. b5 Rd7 35. b6 Rb7 36. Bf2 Nd4 37. Rfc1 f3+ 38. Kg3 Ne2+ 0-1

[Event "Superettan(Rodeby-Burgsvik)"]
[Site "?"]
[Date "2010.10.24"]
[Round "1"]
[White "Andersson, Bjorn"]
[Black "Greiff, Hakan"]
[Result "1/2-1/2"]
[WhiteElo "2304"]
[BlackElo "2276"]
[PlyCount "70"]
[EventDate "2010.??.??"]

1. e4 e5 2. Nf3 Nc6 3. Bb5 a6 4. Ba4 d6 5. c3 Bd7 6. O-O Nge7 7. Qe2 Ng6 8. d3
Be7 9. Be3 h6 10. Nbd2 Bg5 11. g3 Bxe3 12. fxe3 O-O 13. Qg2 Qc8 14. Qf2 Bh3 15.
Rfe1 f5 16. Bb3+ Kh8 17. exf5 Bxf5 18. e4 Bg4 19. Qe3 Qd7 20. Rf1 Bh3 21. Rf2
Rf6 22. Nh4 Nxh4 23. Rxf6 Ng2 24. Rxh6+ gxh6 25. Qxh6+ Qh7 26. Qxh7+ Kxh7 27.
Rf1 Nf4 28. Rf2 Nxd3 29. Rf7+ Kg6 30. Nf3 Nc5 31. Nh4+ Kh6 32. Bd5 Re8 33. Rf6+
Kg7 34. Rf7+ Kh6 35. Rf6+ Kg7 1/2-1/2

[Event "Superettan(Rodeby-Burgsvik)"]
[Site "?"]
[Date "2010.10.24"]
[Round "1"]
[White "Laksman, Efraim"]
[Black "Akerman, Axel"]
[Result "1-0"]
[WhiteElo "2241"]
[BlackElo "1962"]
[PlyCount "101"]
[SourceDate "2010.11.10"]

1. c4 e5 2. Nc3 Nf6 3. g3 Bc5 4. Bg2 O-O 5. e3 Re8 6. Nge2 Nc6 7. O-O d6 8. d4
Bb6 9. Na4 exd4 10. Nxb6 axb6 11. exd4 Bg4 12. f3 Bf5 13. g4 Bg6 14. Nf4 Nd7
15. Nd5 Ne7 16. f4 Nxd5 17. Bxd5 Be4 18. Bxe4 Rxe4 19. Qd3 Qe7 20. Bd2 d5 21.
cxd5 Nf6 22. Rae1 Re8 23. g5 Nxd5 24. Rxe4 Qxe4 25. Re1 Qxe1+ 26. Bxe1 Rxe1+
27. Kf2 Re3 28. Qf5 g6 29. Qxd5 Rh3 30. Kg2 Rd3 31. Qxb7 Rd2+ 32. Kg3 Rxb2 33.
Qxc7 b5 34. d5 Rxa2 35. Qb8+ Kg7 36. Qxb5 Rd2 37. d6 h5 38. Qe5+ Kh7 39. Qe7
h4+ 40. Kxh4 Rf2 41. Kg3 Rf1 42. d7 Rg1+ 43. Kh3 Rd1 44. Qxf7+ Kh8 45. Qf8+ Kh7
46. Qe7+ Kh8 47. d8=R+ Rxd8 48. Qxd8+ Kh7 49. Qe7+ Kh8 50. f5 Kg8 51. f6 1-0

[Event "Superettan(Rodeby-Burgsvik)"]
[Site "?"]
[Date "2010.10.24"]
[Round "1"]
[White "Akerman, Axel"]
[Black "Bernhardsson, Sten"]
[Result "1-0"]
[WhiteElo "2128"]
[BlackElo "2073"]
[PlyCount "119"]

1. e4 c5 2. Nc3 Nc6 3. Bb5 Nd4 4. Bc4 e6 5. Nge2 a6 6. d3 b5 7. Bb3 Ne7 8. Nxd4
cxd4 9. Ne2 Nc6 10. O-O Bc5 11. Ng3 O-O 12. f4 Na5 13. f5 Nxb3 14. axb3 f6 15.
Qg4 Rf7 16. Nh5 Qe7 17. e5 exf5 18. Qf3 d5 19. exf6 gxf6 20. Bh6 Bd6 21. Qxd5
Ra7 22. Rae1 Be5 23. Nxf6+ Qxf6 24. Rxe5 Qxh6 25. Re8+ Kg7 26. Qxd4+ Qf6 27.
Qxf6+ Kxf6 28. Rxc8 Ke6 29. Kf2 a5 30. Ke3 Kd5 31. Rb8 Rae7+ 32. Kd2 Kc6 33. c4
bxc4 34. bxc4 f4 35. Ra8 Rg7 36. Rf2 Re5 37. Ra6+ Kb7 38. Rf6 Reg5 39. R6xf4
Rxg2 40. Kc3 Rg1 41. Rf7+ Kc8 42. Rxg7 Rxg7 43. Rf5 a4 44. Rf6 Kb8 45. h4 Rb7
46. h5 Rb3+ 47. Kc2 Rb7 48. h6 Rc7 49. Rf8+ Kb7 50. Rg8 Kb6 51. Rg7 Rc5 52.
Rxh7 Rh5 53. Rh8 Rh3 54. h7 Kb7 55. Kc3 Rh2 56. d4 Ka7 57. d5 Kb7 58. d6 Rh3+
59. Kb4 a3 60. bxa3 1-0

[Event "Superettan(Rodeby-Burgsvik)"]
[Site "?"]
[Date "2010.10.24"]
[Round "1"]
[White "Persson, Jan"]
[Black "Gannholm, Ingvar"]
[Result "0-1"]
[WhiteElo "2063"]
[BlackElo "1937"]
[PlyCount "40"]

1. c4 e6 2. e4 c5 3. Nc3 Nc6 4. f4 Nge7 5. Nf3 d5 6. Bd3 d4 7. Ne2 Bd7 8. O-O
Ng6 9. a3 Be7 10. g3 f5 11. Qc2 O-O 12. h3 Qc8 13. b3 e5 14. Bb2 exf4 15. gxf4
fxe4 16. Bxe4 Bxh3 17. Kf2 Nxf4 18. Bxh7+ Kh8 19. Rh1 Bh4+ 20. Nxh4 Nd3+ 0-1

[Event "Superettan(Rodeby-Burgsvik)"]
[Site "?"]
[Date "2010.10.24"]
[Round "1"]
[White "Linusson, Lasse"]
[Black "Dolgov, Mikhail"]
[Result "0-1"]
[WhiteElo "1957"]
[BlackElo "1991"]
[PlyCount "52"]

1. e4 e5 2. Nf3 Nc6 3. Bc4 Nf6 4. d4 exd4 5. Ng5 Ne5 6. Qxd4 Nxc4 7. Qxc4 d5 8.
exd5 Qxd5 9. Qe2+ Be7 10. O-O Bd7 11. Nc3 Qf5 12. Qc4 O-O 13. Qxc7 Nd5 14. Nxd5
Qxd5 15. Qg3 Rac8 16. c3 Rc4 17. f4 h6 18. Nh3 Re4 19. Kh1 Bc5 20. f5 Bxf5 21.
Bf4 Re2 22. Rad1 Qc6 23. Bxh6 Rxg2 24. Qf3 Be4 25. Rd6 Bxf3 26. Rxc6 Rg1# 0-1

[Event "Superettan(Rodeby-Burgsvik)"]
[Site "?"]
[Date "2010.10.24"]
[Round "1"]
[White "Eriksson, Bengt"]
[Black "Gumpert, Leo"]
[Result "1-0"]
[WhiteElo "2021"]
[BlackElo "1766"]
[PlyCount "77"]

1. d4 Nf6 2. Bg5 Ne4 3. h4 d5 4. Nd2 Nxg5 5. hxg5 Bf5 6. e3 c5 7. g4 Bd7 8. g6
fxg6 9. Bd3 Qb6 10. dxc5 Qf6 11. f4 Nc6 12. g5 Qf7 13. Ngf3 e5 14. fxe5 Bxc5
15. Qe2 O-O-O 16. Bb5 Qe7 17. Bxc6 Bxc6 18. O-O-O h5 19. Nb3 Bb6 20. Nbd4 Rhe8
21. Qd3 Bc7 22. Nxc6 bxc6 23. Qa6+ Kb8 24. Nd4 Qc5 25. Nxc6+ Ka8 26. Nxd8 Rxd8
27. Qxg6 Qxe3+ 28. Kb1 Bxe5 29. Qc6+ Kb8 30. Rd3 Qb6 31. Rb3 Qxb3 32. axb3 Bd4
33. Rxh5 Bb6 34. Rh7 Rc8 35. Qxd5 Rc7 36. Qg8+ Kb7 37. Rxg7 Bd4 38. Rxc7+ Kxc7
39. Qc4+ 1-0

[Event "Superettan(Majorna-Rodeby)"]
[Site "?"]
[Date "2010.11.13"]
[Round "2"]
[White "Wahlbom, Magnus"]
[Black "Enstrom, Henrik"]
[Result "0-1"]
[WhiteElo "2268"]
[BlackElo "2226"]
[PlyCount "82"]
[SourceDate "2010.11.16"]

1. e4 d6 2. d4 Nf6 3. Nc3 g6 4. Nf3 Bg7 5. Be2 O-O 6. O-O c6 7. Re1 Qc7 8. a4
a5 9. h3 e5 10. Bc4 Na6 11. dxe5 dxe5 12. Be3 Nd7 13. Qd2 Ndc5 14. Bh6 Rd8 15.
Qg5 Bh8 16. Qe3 Be6 17. Qe2 Bxc4 18. Qxc4 Ne6 19. Ne2 Bf6 20. c3 Nac5 21. Nc1
Rd7 22. Be3 Be7 23. Nd2 Rad8 24. Ndb3 Rd1 25. Rxd1 Rxd1+ 26. Kh2 b6 27. Qe2 Rd7
28. Nxc5 Bxc5 29. Nb3 Bxe3 30. Qxe3 Qd8 31. g3 Rd3 32. Qe2 Qd7 33. Nd4 Nf4 34.
gxf4 Qxh3+ 35. Kg1 exd4 36. Rd1 Rf3 37. Rxd4 Rxf4 38. e5 Rf5 39. f4 Rh5 40. Qg2
Qe3+ 41. Kf1 Rh3 0-1

[Event "Superettan(Majorna-Rodeby)"]
[Site "?"]
[Date "2010.11.13"]
[Round "2"]
[White "Kall, Anders"]
[Black "Greiff, Hakan"]
[Result "0-1"]
[WhiteElo "2216"]
[BlackElo "2276"]
[PlyCount "156"]
[EventDate "2010.??.??"]

1. e4 e5 2. Nf3 Nc6 3. d4 exd4 4. Bc4 Bc5 5. c3 Nf6 6. cxd4 Bb4+ 7. Bd2 Bxd2+
8. Nbxd2 d5 9. exd5 Nxd5 10. Qb3 Na5 11. Qa4+ Nc6 12. Qb3 Nce7 13. O-O c6 14.
Rfe1 O-O 15. Ne4 Qb6 16. Nd6 Qc7 17. Nxc8 Raxc8 18. Ne5 Kh8 19. Rad1 f6 20. Nf3
Rce8 21. g3 Qd7 22. Re4 b5 23. Bf1 Nc8 24. Rde1 Rxe4 25. Rxe4 Nd6 26. Re1 a5
27. Qa3 Ra8 28. Qc5 Nb7 29. Qc2 Re8 30. Qf5 Qd8 31. Rxe8+ Qxe8 32. Bxb5 Ne7 33.
Qe4 f5 34. Bxc6 fxe4 35. Bxe8 exf3 36. Bh5 Nd6 37. Bxf3 Nef5 38. d5 g5 39. a3
Kg7 40. b4 axb4 41. axb4 Kf6 42. Kg2 Nd4 43. Bd1 Ne4 44. Ba4 Ke5 45. Be8 Kxd5
46. f3 Nf6 47. Bf7+ Kd6 48. Bc4 h6 49. Bd3 Nc6 50. b5 Ne5 51. Be2 Ned7 52. Bd3
Ke5 53. Kf2 Kd4 54. Bf5 Nb6 55. Bh3 Nbd5 56. Bf1 Kc5 57. Be2 Nc3 58. Bd3 Nxb5
59. h4 gxh4 60. g4 Nd4 61. Kg2 Nd5 62. Bf1 Nf4+ 63. Kf2 Kd5 64. Ba6 Ke5 65. Bb7
Nde6 66. Ba8 Kd4 67. Bb7 Kd3 68. Ba6+ Kd2 69. Bb7 Nc5 70. Bc6 Ncd3+ 71. Kg1 Ke3
72. Bb7 Ne2+ 73. Kg2 Ndf4+ 74. Kh2 Kf2 75. Bc6 Ng3 76. Bb7 Nf1+ 77. Kh1 Ne2 78.
Bc6 Neg3# 0-1

[Event "Superettan(Majorna-Rodeby)"]
[Site "?"]
[Date "2010.11.13"]
[Round "2"]
[White "Bernhardsson, Sten"]
[Black "Panas, Itai"]
[Result "1/2-1/2"]
[WhiteElo "2073"]
[BlackElo "2182"]
[PlyCount "73"]

1. d4 Nf6 2. c4 g6 3. Nc3 d5 4. Bg5 c6 5. e3 Bg7 6. Nf3 Qa5 7. Qb3 Nbd7 8. Be2
O-O 9. O-O dxc4 10. Bxc4 e5 11. dxe5 Nxe5 12. Nxe5 Qxe5 13. Bf4 Qe7 14. Rfd1 b5
15. Be2 Be6 16. Qc2 Rfd8 17. Bf3 Nd5 18. Nxd5 cxd5 19. Qe2 a6 20. Rac1 Rac8 21.
h3 Rc4 22. b3 Rc3 23. Rxc3 Bxc3 24. Qd3 Qf6 25. Bg5 Qxg5 26. Qxc3 Bxh3 27. Qc6
Bg4 28. Bxg4 Qxg4 29. Rc1 d4 30. exd4 Qxd4 31. Qxa6 Qd2 32. Rc8 b4 33. a4 Qd1+
34. Kh2 Qh5+ 35. Kg1 Qd1+ 36. Kh2 Qh5+ 37. Kg1 1/2-1/2

[Event "Superettan(Majorna-Rodeby)"]
[Site "?"]
[Date "2010.11.13"]
[Round "2"]
[White "Strom, Leif"]
[Black "Laksman, Efraim"]
[Result "1/2-1/2"]
[WhiteElo "2113"]
[BlackElo "2241"]
[PlyCount "66"]
[EventDate "2010.??.??"]

1. c4 g6 2. g3 Bg7 3. Bg2 d6 4. Nc3 e5 5. d3 Ne7 6. e4 O-O 7. Nge2 Be6 8. O-O
Nbc6 9. Nd5 Qd7 10. Be3 Kh8 11. Qd2 Ng8 12. Rad1 Nce7 13. d4 Nxd5 14. cxd5 Bg4
15. f3 Bh3 16. dxe5 Bxg2 17. Kxg2 dxe5 18. Rc1 f5 19. Qb4 Nf6 20. Bc5 Rfc8 21.
Be7 Ng8 22. Bg5 a5 23. Qc4 c6 24. dxc6 Rxc6 25. Qb5 fxe4 26. Nc3 exf3+ 27. Rxf3
e4 28. Rf2 Re8 29. Rd1 Qc8 30. Rf7 Rc5 31. Qxb7 Qxb7 32. Rxb7 Rxg5 33. Rdd7 Re7
1/2-1/2

[Event "Superettan(Majorna-Rodeby)"]
[Site "?"]
[Date "2010.11.13"]
[Round "2"]
[White "Eriksson, Bengt"]
[Black "Bende, Tobias"]
[Result "1/2-1/2"]
[WhiteElo "2021"]
[BlackElo "2106"]
[PlyCount "76"]
[SourceDate "2010.11.16"]

1. d4 Nf6 2. Bg5 e6 3. e4 h6 4. Bxf6 Qxf6 5. Nc3 Bb4 6. Qd2 d5 7. a3 Bxc3 8.
Qxc3 dxe4 9. f3 Nd7 10. O-O-O c5 11. fxe4 cxd4 12. Qxd4 Qxd4 13. Rxd4 e5 14.
Rd5 f6 15. Nf3 Nb6 16. Rd2 Bd7 17. Bd3 O-O-O 18. Re1 Be6 19. Re3 Rd6 20. Bb5
Rhd8 21. Rc3+ Kb8 22. Rcd3 Nc8 23. Rxd6 Rxd6 24. Rxd6 Nxd6 25. Bd3 Kc7 26. b3
Kc6 27. Kd2 Kc5 28. Ke3 Bd7 29. b4+ Kc6 30. c4 Be6 31. Nd2 b5 32. c5 Nc4+ 33.
Nxc4 bxc4 34. Bc2 Kb5 35. Kd2 a5 36. Kc3 axb4+ 37. axb4 g6 38. Bd1 f5 1/2-1/2

[Event "Superettan(Majorna-Rodeby)"]
[Site "?"]
[Date "2010.11.13"]
[Round "2"]
[White "Karle, Max"]
[Black "Persson, Jan"]
[Result "1-0"]
[WhiteElo "2083"]
[BlackElo "2063"]
[PlyCount "61"]

1. d4 Nf6 2. c4 Nc6 3. Nf3 d6 4. Nc3 e5 5. d5 Ne7 6. e4 Ng6 7. h3 Be7 8. Be3 h5
9. Qc2 h4 10. c5 Bd7 11. Nb5 Bxb5 12. Bxb5+ c6 13. cxd6 Qa5+ 14. Bd2 Qxb5 15.
a4 Qa6 16. dxe7 cxd5 17. Qc7 Nxe4 18. Ba5 Nxe7 19. Bb4 Qe6 20. Qxb7 Rd8 21. Rc1
Nd6 22. Qxa7 O-O 23. O-O Rd7 24. Qe3 Nc4 25. Qc3 Re8 26. b3 Nb6 27. Qxe5 d4 28.
Qb5 Nf5 29. Rfe1 Ne3 30. fxe3 dxe3 31. Rc6 1-0

[Event "Superettan(Majorna-Rodeby)"]
[Site "?"]
[Date "2010.11.13"]
[Round "2"]
[White "Dolgov, Mikhail"]
[Black "Bengtsson, Tage"]
[Result "1/2-1/2"]
[WhiteElo "1991"]
[BlackElo "2052"]
[PlyCount "104"]

1. Nf3 d5 2. g3 c5 3. Bg2 Nc6 4. O-O Nf6 5. d3 e6 6. c3 Be7 7. a4 O-O 8. Qc2 b6
9. Bg5 Nd7 10. Bxe7 Qxe7 11. d4 Ba6 12. Re1 Rac8 13. e4 dxe4 14. Qxe4 Nf6 15.
Qh4 cxd4 16. b4 Bb7 17. b5 Na5 18. cxd4 Rfd8 19. Nbd2 Nc4 20. Ne4 Nd6 21. Nfg5
Bxe4 22. Nxe4 Nf5 23. Nxf6+ Qxf6 24. Qxf6 gxf6 25. d5 Nd4 26. Re4 Nb3 27. Rd1
f5 28. Rf4 Rc3 29. d6 Rc1 30. Rxc1 Nxc1 31. Rc4 Nb3 32. Rc7 Rxd6 33. Bc6 Nc5
34. Rxa7 Rd4 35. Be8 Rxa4 36. Bxf7+ Kf8 37. Rxa4 Nxa4 38. Bxe6 f4 39. gxf4 Ke7
40. Bf5 Nc3 41. Bxh7 Nxb5 42. Kf1 Nd4 43. Bd3 Ne6 44. f5 Nf4 45. Be4 Kf6 46.
Ke1 Ke5 47. f3 Kf6 48. Kd2 Nh3 49. Kd3 Ke5 50. Kc4 Ng5 51. h4 Nxf3 52. Bxf3
Kxf5 1/2-1/2

[Event "Superettan(Majorna-Rodeby)"]
[Site "?"]
[Date "2010.11.13"]
[Round "2"]
[White "Fransson, Lennart"]
[Black "Karlsson, Robert"]
[Result "0-1"]
[WhiteElo "2042"]
[BlackElo "2033"]
[PlyCount "132"]

1. c4 e5 2. g3 Nf6 3. Bg2 d5 4. cxd5 Nxd5 5. Nc3 Nb6 6. Nf3 Nc6 7. O-O Be7 8.
d3 O-O 9. Be3 Re8 10. Rc1 Bf8 11. a3 h6 12. Nd2 Nd4 13. b4 c6 14. Nb3 Nxb3 15.
Qxb3 a6 16. Bxb6 Qxb6 17. Na4 Qc7 18. Nc5 Bxc5 19. Rxc5 Be6 20. Qb2 f6 21. Rfc1
Qd6 22. h3 Re7 23. Rd1 Rd8 24. a4 Qd7 25. Kh2 Qd4 26. Qxd4 Rxd4 27. Rb1 Kf7 28.
Bf1 Bf5 29. g4 Bg6 30. Rc3 Red7 31. e3 R4d6 32. b5 cxb5 33. axb5 a5 34. b6 Bxd3
35. Bxd3 Rxd3 36. Rc7 Ke6 37. Rbc1 a4 38. Rc8 R3d6 39. Rb1 a3 40. Ra8 Rd3 41.
Kg3 Rc3 42. Kf3 Rd2 43. Ra1 Rb2 44. R1xa3 Rxa3 45. Rxa3 Rxb6 46. Ra8 Kf7 47. h4
g6 48. Rh8 Kg7 49. Rd8 f5 50. g5 h5 51. Re8 e4+ 52. Kf4 Rb2 53. Kg3 Kf7 54. Re5
Rb6 55. Rd5 Ke6 56. Rd8 Ke5 57. Rd7 Ke6 58. Rg7 Kd5 59. Rf7 Kc4 60. Rf8 Rd6 61.
Rc8+ Rc6 62. Rd8 b5 63. Kf4 b4 64. Ke5 b3 65. Rb8 Kc3 66. Kd5 Rc7 0-1

[Event "Superettan(Orebro-Wasa)"]
[Site "?"]
[Date "2010.11.13"]
[Round "2"]
[White "Wedberg, Tom"]
[Black "Nygren, Kim"]
[Result "1/2-1/2"]
[WhiteElo "2562"]
[BlackElo "2327"]
[PlyCount "118"]
[SourceDate "2010.11.17"]

1. e4 c5 2. Nf3 d6 3. d4 cxd4 4. Nxd4 Nf6 5. Nc3 a6 6. Be3 Ng4 7. Bg5 h6 8. Bh4
g5 9. Bg3 Bg7 10. h3 Ne5 11. f3 Nbc6 12. Bf2 Nxd4 13. Bxd4 Be6 14. Be2 f6 15.
g3 O-O 16. f4 Nc6 17. f5 Bf7 18. Bf2 Qa5 19. Qd2 Qe5 20. O-O-O Rac8 21. Kb1
Rfd8 22. g4 b5 23. Rhg1 Bf8 24. Bf3 e6 25. Rge1 Be7 26. Nd5 Qh2 27. Rh1 Qe5 28.
Nxe7+ Nxe7 29. Bd4 Qg3 30. Qe2 Nc6 31. Bxf6 Re8 32. h4 exf5 33. gxf5 Nb4 34. c3
Bxa2+ 35. Ka1 Bc4 36. Qg2 Qxg2 37. Bxg2 Nc2+ 38. Kb1 Ne3 39. Rxd6 g4 40. Rg1
Nxg2 41. Rxg2 Rxe4 42. b3 Bxb3 43. Bd4 Bd1 44. Rxh6 Rc4 45. Rd2 Bf3 46. Kb2 Re1
47. Rh8+ Kf7 48. Rh7+ Ke8 49. f6 Rb1+ 50. Kxb1 Be4+ 51. Kb2 Bxh7 52. Re2+ Kf8
53. Re7 Bg6 54. Rg7 Bf7 55. Rxg4 b4 56. Rg5 bxc3+ 57. Bxc3 Rxh4 58. Be5 Rh5 59.
Bd6+ Ke8 1/2-1/2

[Event "Superettan(Orebro-Wasa)"]
[Site "?"]
[Date "2010.11.13"]
[Round "2"]
[White "Drugge, Patrick"]
[Black "Astrom, Goran"]
[Result "0-1"]
[WhiteElo "2357"]
[BlackElo "2330"]
[PlyCount "66"]

1. e4 c5 2. Nc3 e6 3. g3 Nc6 4. Bg2 g6 5. d3 Bg7 6. f4 d6 7. Nf3 Nge7 8. O-O
O-O 9. Be3 Nd4 10. e5 Nef5 11. Bf2 Nxf3+ 12. Qxf3 Nd4 13. Qd1 dxe5 14. fxe5
Bxe5 15. Ne4 f5 16. Nxc5 Qc7 17. b4 Nc6 18. d4 Bg7 19. b5 Nd8 20. Re1 Rb8 21.
Be3 Nf7 22. Rb1 b6 23. Nd3 Bb7 24. Nf4 Bxg2 25. Nxe6 Qb7 26. Nxf8 Rxf8 27. c4
Bh3 28. Qc2 Re8 29. Qd2 Rxe3 30. Rxe3 Bxd4 31. Rbe1 Ng5 32. Qf2 Nf3+ 33. Rxf3
Qxf3 0-1

[Event "Superettan(Orebro-Wasa)"]
[Site "?"]
[Date "2010.11.13"]
[Round "2"]
[White "Collett, Peter"]
[Black "Gruvaeus, Curt"]
[Result "0-1"]
[WhiteElo "2285"]
[BlackElo "2333"]
[PlyCount "102"]

1. d4 g6 2. e4 Bg7 3. Nc3 d6 4. Be3 a6 5. Qd2 Nd7 6. f3 b5 7. a4 b4 8. Nd1 c5
9. Nh3 Qc7 10. Nhf2 Bb7 11. c3 bxc3 12. bxc3 h5 13. Be2 Ngf6 14. O-O e5 15.
dxe5 Nxe5 16. c4 Nc6 17. Nc3 O-O 18. Bh6 Nd4 19. Bxg7 Kxg7 20. Rfb1 Rab8 21.
Bd1 Qa5 22. Nd3 Nd7 23. Ra3 Ne5 24. Nxe5 dxe5 25. Qg5 f6 26. Qe3 Bc6 27. Raa1
Rb4 28. Rxb4 cxb4 29. Nd5 Bxd5 30. exd5 Rc8 31. Rc1 Qc5 32. Kf2 a5 33. Be2 Kf7
34. Kf1 Nf5 35. Qxc5 Rxc5 36. Bd3 Nd4 37. Ke1 f5 38. Rb1 h4 39. Kd2 h3 40. Ke3
hxg2 41. Rg1 Nb3 42. h4 Kf6 43. Rxg2 Rc8 44. f4 exf4+ 45. Kxf4 Nc5 46. Bc2 Rh8
47. Rh2 b3 48. Bxb3 Nxb3 49. Ke3 Ke5 50. Rg2 Rxh4 51. Rxg6 Rxc4 0-1

[Event "Superettan(Orebro-Wasa)"]
[Site "?"]
[Date "2010.11.13"]
[Round "2"]
[White "Lundin, Jan"]
[Black "Soderberg, Per"]
[Result "1-0"]
[WhiteElo "2325"]
[BlackElo "2196"]
[PlyCount "81"]

1. d4 Nf6 2. c4 e6 3. Nc3 c5 4. d5 d6 5. Nf3 exd5 6. cxd5 g6 7. g3 Bg7 8. Bg2
O-O 9. O-O Re8 10. Bf4 a6 11. a4 Nbd7 12. Bxd6 Qb6 13. Bf4 Qxb2 14. Qc1 Qxc1
15. Rfxc1 Nh5 16. Be3 b6 17. Rab1 Bb7 18. Bh3 f5 19. g4 Bxc3 20. Rxc3 Ng7 21.
gxf5 Nxf5 22. Nh4 Nf6 23. Nxf5 Nxd5 24. Rxc5 gxf5 25. Rc4 b5 26. Rh4 Nxe3 27.
fxe3 Be4 28. Rb4 Rab8 29. Rh6 bxa4 30. Rxa4 Kg7 31. Rhxa6 Rb1+ 32. Bf1 Bc2 33.
Rc4 Be4 34. Rc7+ Kg8 35. Raa7 Rd8 36. Rg7+ Kf8 37. Rxh7 Kg8 38. Rag7+ Kf8 39.
Rh8+ Kxg7 40. Rxd8 Rb6 41. Kf2 1-0

[Event "Superettan(Orebro-Wasa)"]
[Site "?"]
[Date "2010.11.13"]
[Round "2"]
[White "Berkell, Peder"]
[Black "Lind, Jan-Olov"]
[Result "0-1"]
[WhiteElo "2169"]
[BlackElo "2232"]
[PlyCount "102"]

1. f4 d5 2. Nf3 c5 3. g3 Nc6 4. Bg2 e6 5. O-O Be7 6. d3 h6 7. c3 g5 8. Ne5 Nf6
9. Nxc6 bxc6 10. Qa4 Qb6 11. fxg5 hxg5 12. Bxg5 c4+ 13. d4 Ng4 14. Bxe7 Kxe7
15. Qa3+ Ke8 16. Qd6 Qb8 17. Qxb8 Rxb8 18. b4 Nxh2 19. Rf4 e5 20. dxe5 Ng4 21.
Na3 Nxe5 22. Nc2 Ke7 23. Bf3 Be6 24. Kf2 Rh2+ 25. Ke3 Rh3 26. Rg1 Rg8 27. Kf2
Nd7 28. Nd4 Kd6 29. Nf5+ Bxf5 30. Rxf5 Ke6 31. Rh5 Rxh5 32. Bxh5 Nf6 33. Bf3 a5
34. a3 axb4 35. axb4 Ra8 36. g4 Ra3 37. g5 Nd7 38. Bg4+ Ke7 39. Rg3 Ne5 40. Bf5
Kd6 41. Ke1 d4 42. g6 fxg6 43. Bxg6 dxc3 44. Bc2 Kd5 45. Rh3 Ra1+ 46. Kf2 Ra2
47. Bf5 c2 48. Rc3 Nd3+ 49. Bxd3 cxd3 50. Rc5+ Kd6 51. Rc3 Ra1 0-1

[Event "Superettan(Orebro-Wasa)"]
[Site "?"]
[Date "2010.11.13"]
[Round "2"]
[White "Jonsson, Krister"]
[Black "Wenzel, Birger"]
[Result "1/2-1/2"]
[WhiteElo "2060"]
[BlackElo "2235"]
[PlyCount "101"]

1. d4 Nf6 2. c4 e6 3. Nf3 b6 4. g3 Bb7 5. Bg2 Be7 6. O-O O-O 7. Nc3 Ne4 8. Qc2
Nxc3 9. Qxc3 c5 10. dxc5 bxc5 11. Rd1 d6 12. Bf4 Qb6 13. Rd2 Nd7 14. Rad1 Nf6
15. Qc2 Rfd8 16. a3 a5 17. Ne1 Bxg2 18. Kxg2 Qc6+ 19. f3 Ne8 20. e4 Bf6 21. e5
dxe5 22. Rxd8 Rxd8 23. Rxd8 Bxd8 24. Bxe5 Nd6 25. Qd3 Bc7 26. Bc3 a4 27. Nc2 f6
28. Ne3 Nf7 29. Kf2 Ne5 30. Qd1 Nf7 31. Qd3 Ne5 32. Qd1 Kf8 33. h4 Ke7 34. f4
Nf7 35. Qf3 Qxf3+ 36. Kxf3 Nd6 37. h5 Kf7 38. g4 Bd8 39. Be1 g6 40. hxg6+ hxg6
41. Bc3 f5 42. g5 Ne4 43. Be5 Ba5 44. Ke2 Ke7 45. Kd3 Be1 46. Nd1 Kd7 47. Ke2
Bg3 48. Kf3 Be1 49. Ke2 Bg3 50. Kf3 Be1 51. Ke2 1/2-1/2

[Event "Superettan(Orebro-Wasa)"]
[Site "?"]
[Date "2010.11.13"]
[Round "2"]
[White "Marchand, Erick"]
[Black "Larsson, Patrik"]
[Result "1-0"]
[WhiteElo "2082"]
[BlackElo "2046"]
[PlyCount "120"]

1. d4 d5 2. c4 Nc6 3. Nf3 Bg4 4. cxd5 Bxf3 5. dxc6 Bxc6 6. Nc3 Nf6 7. f3 e5 8.
dxe5 Qxd1+ 9. Kxd1 O-O-O+ 10. Kc2 Nd7 11. e6 fxe6 12. Bg5 Nf6 13. e4 Bd6 14.
Bc4 Rhe8 15. Rad1 a6 16. Ne2 h6 17. Bh4 g5 18. Bg3 e5 19. Nc3 Rf8 20. Be6+ Bd7
21. Bxd7+ Rxd7 22. Nd5 Nxd5 23. Rxd5 Re7 24. h3 Rg8 25. Kd3 Kd7 26. Ke2 Ke6 27.
Bf2 Rf7 28. Rd3 Rf6 29. Rb3 b6 30. Rd3 Rf7 31. Rhd1 Rd7 32. Rd5 h5 33. Bg3 Rf7
34. Bf2 Rd7 35. R5d3 Rf7 36. Bxb6 Rb8 37. Be3 Rxb2+ 38. R3d2 Rxd2+ 39. Rxd2 Kf6
40. Rb2 Rg7 41. Rb8 g4 42. hxg4 hxg4 43. fxg4 Rxg4 44. Kf3 Rh4 45. Ra8 Rh1 46.
Rxa6 Rf1+ 47. Ke2 Rb1 48. Bc5 Kg5 49. Bxd6 cxd6 50. Rxd6 Kf4 51. Rd1 Rb4 52.
Rd2 Kxe4 53. Kf2 Rb8 54. a4 Rf8+ 55. Ke2 Rg8 56. Ke1 Ke3 57. Ra2 Kd3 58. a5 Kc4
59. Kf2 Kd3 60. a6 Rf8+ 1-0